Industry 4.0 je viac ako iba ďalšia automatizácia
Prechod výrobnej firmy a ciele zavádzania Industry 4.0 môžu byť v každej firme iné – komplexné i parciálne. Konkurencieschopnosť a rast atraktivity na trhu. Objednávky a zvýšenie plynulosti výroby. Efektívne využitie pracovnej sily.
Gespeichert in:
| 1. Verfasser: | |
|---|---|
| Format: | Buchkapitel |
| Sprache: | Slowakisch |
| Schlagworte: | |
| Tags: |
Keine Tags, Fügen Sie das erste Tag hinzu!
|
MARC
| LEADER | 00000naa a2200000 4500 | ||
|---|---|---|---|
| 001 | 0222562 | ||
| 005 | 20160928114440.8 | ||
| 041 | 0 | |a slo | |
| 044 | |a SK | ||
| 245 | 1 | 0 | |a Industry 4.0 je viac ako iba ďalšia automatizácia |c Jozef Mikulášik |
| 520 | |a Prechod výrobnej firmy a ciele zavádzania Industry 4.0 môžu byť v každej firme iné – komplexné i parciálne. Konkurencieschopnosť a rast atraktivity na trhu. Objednávky a zvýšenie plynulosti výroby. Efektívne využitie pracovnej sily. | ||
| 610 | 2 | 0 | |a systémy výrobné automatizované |
| 610 | 2 | 0 | |a automatizácia výroby |
| 610 | 2 | 0 | |a inteligencia umelá |
| 610 | 2 | 0 | |a priemysel |
| 610 | 2 | 0 | |a sily pracovné |
| 610 | 2 | 0 | |a konkurencieschopnosť |
| 100 | 1 | |a Mikulášik, Jozef | |